ロード中...

Development planning models /

書誌詳細
その他の著者: Dahiya, S Bhagwan
フォーマット: Printed Book
言語:English
出版事項: New Delhi: Inter India, 1982.
主題:
LEADER 00528 a2200145 4500
008 100208b ||||| |||| 00| 0 eng d
082 |a 338.900724 
245 |a Development planning models / 
260 |b Inter India,  |a New Delhi:  |c 1982. 
500 |a Per Set 
650 |a Economic policy--Mathematical models 
700 |a Dahiya, S Bhagwan. 
942 |c BK 
999 |c 316515  |d 316515 
952 |0 0  |1 0  |2 ddc  |4 0  |6 338_900724000000000_DAH_DE  |7 0  |9 362621  |a ECN  |b ECN  |c GEN  |d 2010-09-07  |g 0.00  |i 7025  |l 0  |o 338.900724 DAH/DE  |p ECN7025  |r 2010-09-07  |w 2010-09-07  |y BK